[Event "Chigorin CC"]
[Site "St Petersburg RUS"]
[Date "2005.05.25"]
[Round "9"]
[White "Fateev,M"]
[Black "Turikov,V"]
[Result "1-0"]
[WhiteElo "2179"]
[BlackElo "2358"]

1.e4 d6 2.d4 Nf6 3.Nc3 c6 4.Bg5 Qb6 5.Qd2 Qxb2 6.Rb1 Qa3 7.Rb3 Qa5 8.f4 e6
9.Nf3 Be7 10.Bd3 Qc7 11.O-O h6 12.Bh4 b6 13.e5 Ng8 14.Ne4 Bf8 15.g4 d5 16.Ng3 c5
17.Bb5+ Bd7 18.c4 dxc4 19.Bxc4 cxd4 20.Rc1 Nc6 21.Ba6 Bc5 22.Ne4 h5 23.gxh5 Nh6
24.Rxc5 bxc5 25.Rb7 Qa5 26.Nd6+ Kf8 27.Qxa5 Nxa5 28.Rxd7 Nf5 29.Nxf5 exf5
30.Be1 Rh6 31.Rd6 Rxd6 32.exd6 Nc6 33.Bb7 Rd8 34.Bxc6 Rxd6 35.Bb5 Rb6 36.Bc4 Rb1
37.Kf2 Rb2+ 38.Nd2 Rc2 39.Bb3 Rc3 40.Nf3 Rc1 41.Bd2 Rb1 42.Ne1 a5 43.Nd3 a4
44.Bxa4 c4 45.Bc2 Rb8 46.Bb4+ Kg8 47.a3 cxd3 48.Bxd3 g6 49.Kf3 Kh7 50.Bc4 Kh6
51.hxg6 fxg6 52.Ke2 Kh5 53.Kd3 Kg4 54.Kxd4 Rd8+ 55.Ke5 Re8+ 56.Be6 Kh3 57.a4 Kxh2
58.a5 g5 59.fxg5 f4 60.g6 f3 61.Bc5 Ra8 62.Bb6 f2 63.Bxf2 Rxa5+  1-0

[Event "Chigorin CC"]
[Site "St Petersburg RUS"]
[Date "2005.05.25"]
[Round "9"]
[White "Sheynin,I"]
[Black "Feofanov,D"]
[Result "1/2-1/2"]
[WhiteElo "2175"]
[BlackElo "2310"]

1.e4 d6 2.d4 Nf6 3.Nc3 e5 4.dxe5 dxe5 5.Qxd8+ Kxd8 6.Bg5 Be6 7.O-O-O+ Nd7
8.g3 h6 9.Bxf6+ gxf6 10.f4 exf4 11.gxf4 f5 12.Bh3 f6 13.Nf3 Bd6 14.Nd4 Bf7
15.Bxf5 Bxf4+ 16.Kb1 Bd6 17.Ndb5 Ne5 18.Nxd6 cxd6 19.Rxd6+ Ke7 20.Rd2 Rhg8
21.Nd5+ Bxd5 22.exd5 Kd6 23.b3 b5 24.Rf1 Raf8 25.Be6 Rg5 26.Rdf2 Ke7 27.Rf4 a5
28.a3 Ng6 29.Rf5 Nh4 30.R5f4 Ng6 31.Re4 Kd6 32.Bf5 Ne5 33.Rh4 h5 34.Be6 Ng6
35.Re4 f5 36.Bxf5 Rgxf5 37.Rxf5 Rxf5 38.Re6+ Kxd5 39.Rxg6 Kc5 40.Kb2 a4 41.bxa4 bxa4
42.Ra6 Kb5 43.Rg6 Kc4 44.Rb6 Ra5 45.Rb8 Kd4 46.Rb4+ Ke3 47.c4 Kd4 48.Rb5 Ra8
49.Rxh5 Kxc4 50.Rh4+ Kd3 51.Rb4 Ra7 52.h4 Ra5 53.Rg4 Rb5+ 54.Rb4 Ra5  1/2-1/2

[Event "Chigorin CC"]
[Site "St Petersburg RUS"]
[Date "2005.05.25"]
[Round "9"]
[White "Frolochkin,V"]
[Black "Golovankov,V"]
[Result "0-1"]
[WhiteElo "2208"]
[BlackElo "2321"]

1.e4 d6 2.d4 Nf6 3.Nc3 e5 4.dxe5 dxe5 5.Qxd8+ Kxd8 6.f4 exf4 7.Bxf4 c6 8.O-O-O+ Ke8
9.a3 Be6 10.Nf3 Nbd7 11.h3 Bc5 12.Nd4 Rd8 13.b4 Be7 14.Nf5 Bxf5 15.exf5 Nb6
16.Rxd8+ Kxd8 17.Be2 a5 18.Na2 Nbd5 19.Bd2 Ne4 20.Be1 Bg5+ 21.Kb2 Bf6+ 22.c3 Re8
23.Bf3 Nd6 24.bxa5 Nc4+ 25.Kc2 Nde3+ 26.Kd3 Nxa5 27.Bf2 Nec4 28.Re1 Rxe1
29.Bxe1 Ne5+ 30.Ke4 Nxf3 31.Kxf3 Nc4 32.a4 Nb2 33.a5 Nd3 34.Bg3 Kd7 35.Bh2 Ne5+
36.Ke4 Nc4 37.g4 Nxa5 38.Kd3 b5 39.Nb4 Be7 40.Na6 Bd6 41.Bg1 Nc4 42.Bd4 g6
43.Ke4 Nd2+ 44.Kd3 Nb3 45.Be3 c5 46.Kc2 c4 47.fxg6 fxg6 48.Nb4 Bxb4 49.cxb4 Ke6
50.Kc3 Kd5 51.Bc5 Nxc5  0-1

[Event "Mitropa Cup"]
[Site "Steinbrunn AUT"]
[Date "2005.05.25"]
[Round "5"]
[White "Cornette,M"]
[Black "Sebenik,M"]
[Result "0-1"]
[WhiteElo "2362"]
[BlackElo "2392"]

1.e4 d6 2.d4 Nf6 3.Nc3 e5 4.Nf3 Nbd7 5.Bc4 Be7 6.O-O O-O 7.Re1 c6 8.a4 b6
9.Ba2 a6 10.Bg5 Rb8 11.Nh4 exd4 12.Qxd4 Nc5 13.Nf5 Bxf5 14.exf5 d5 15.Rad1 a5
16.Qh4 Re8 17.Re3 Qd7 18.Qh3 Bd8 19.Rxe8+ Nxe8 20.Qg3 Bc7 21.Qg4 Be5 22.Re1 Nf6
23.Qf3 Re8 24.Bd2 Bxc3 25.Bxc3 Nxa4 26.Rxe8+ Qxe8 27.h3 Qe4 28.Qg3 Nxc3 29.Qxc3 c5
30.Qb3 Qb4 31.Qg3 h6 32.Qe5 c4 33.g4 Qa4 34.h4 Nxg4 35.Qxd5 Qxa2  0-1

[Event "TCh-ROM A"]
[Site "Tusnad ROM"]
[Date "2005.05.25"]
[Round "5"]
[White "Iordachescu,V"]
[Black "Kostic,Neb"]
[Result "1-0"]
[WhiteElo "2609"]
[BlackElo "2352"]

1.e4 d6 2.d4 Nf6 3.Nc3 e5 4.Nge2 c6 5.a4 Be7 6.g3 Bg4 7.Bg2 Bxe2 8.Nxe2 Nbd7
9.O-O O-O 10.h3 Re8 11.Nc3 h6 12.Be3 a5 13.f4 Qc7 14.Qf3 Nf8 15.Kh1 Ne6 16.d5 Nd4
17.Qf2 cxd5 18.fxe5 dxe5 19.Nxd5 Qc6 20.Bxd4 exd4 21.e5 Nxd5 22.Qxf7+ Kh8
23.Bxd5 Qxc2 24.Rac1 Qd3 25.Rf3 Qh7 26.Bxb7 Bb4 27.Bxa8 Rxa8 28.Qd5 Re8 29.Rcf1 Qc2
30.Qxd4 Qc6 31.Kh2 Bc5 32.Qc3 Qb6 33.h4 Bb4 34.Qc4 Rxe5  1-0

[Event "Mitropa Cup"]
[Site "Steinbrunn AUT"]
[Date "2005.05.26"]
[Round "6"]
[White "Brkic,A"]
[Black "Mihalcisin,A"]
[Result "1/2-1/2"]
[WhiteElo "2477"]
[BlackElo "2525"]

1.e4 d6 2.d4 Nf6 3.Nc3 e5 4.dxe5 dxe5 5.Qxd8+ Kxd8 6.Bg5 Be6 7.O-O-O+ Nd7
8.g3 Kc8 9.f4 h6 10.Bxf6 Nxf6 11.Bh3 Bxh3 12.Nxh3 Bd6 13.Rhe1 Re8 14.a3 b6
15.Nf2 Kb7 16.Nd3 c6 17.Re2 Kc7 18.Nb1 Nd7 19.Nd2 b5 20.Nf3 f6 21.Red2 Rad8
22.Ndxe5 Bxe5 23.fxe5 Nxe5 24.Rxd8 Rxd8 25.Rxd8 Kxd8  1/2-1/2

[Event "TCh-IRI"]
[Site "Tehran IRI"]
[Date "2005.05.26"]
[Round "1"]
[White "Amini,A"]
[Black "Doostkam,P"]
[Result "0-1"]
[WhiteElo "2267"]
[BlackElo "2228"]

1.e4 d6 2.d4 Nf6 3.Nc3 e5 4.dxe5 dxe5 5.Qxd8+ Kxd8 6.Bg5 Be6 7.O-O-O+ Nd7
8.Nf3 Kc8 9.Nd2 Ng4 10.Bh4 Bc5 11.f3 Bf2 12.fxg4 Bxh4 13.Be2 c6 14.h3 b5
15.Nf3 Be7 16.Kb1 b4 17.Nd5 Re8 18.Nxe7+ Rxe7 19.Rhf1 Kc7 20.Bd3 h6 21.g5 hxg5
22.Nxg5 f6 23.Nf3 Nc5 24.Nd2 Rd8 25.Be2 Red7 26.Kc1 Rd4 27.Bf3 a5 28.b3 Bf7
29.Rfe1 a4 30.Nf1 axb3 31.axb3 Ne6 32.Ne3 Bg6 33.Rxd4 Nxd4 34.Nc4 Bf7 35.Nb2 c5
36.Rd1 Kc6 37.Nd3 Rh8 38.Bg4 Bg6 39.Re1 Rd8 40.Nf2 Nb5 41.Rd1 Rxd1+ 42.Kxd1 Nc3+
43.Ke1 Nxe4 44.Bf3 Kd5 45.Nd3 Kd4 46.Nb2 Nc3 47.Kd2 e4 48.Bd1  0-1

[Event "TCh-ROM A"]
[Site "Tusnad ROM"]
[Date "2005.05.26"]
[Round "6"]
[White "Paulet,I"]
[Black "Handorean,P"]
[Result "1-0"]
[WhiteElo "2051"]
[BlackElo "2024"]

1.e4 d6 2.d4 c6 3.Nc3 Nf6 4.Nf3 g6 5.Be2 Bg7 6.O-O O-O 7.a4 Qc7 8.Bf4 Nh5
9.Be3 Nd7 10.a5 e5 11.Qd2 Nhf6 12.d5 c5 13.a6 Nb6 14.b4 c4 15.axb7 Bxb7 16.Rfb1 Ng4
17.Nb5 Qd7 18.Nxa7 Nc8 19.Bxc4 Nxa7 20.Bxa7 Bxd5 21.Bxd5 Rxa7 22.Rxa7 Qxa7
23.h3 Nf6 24.Qd3 Rc8 25.Bb3 Qb6 26.Ng5 Kf8 27.Nxf7 Qxb4 28.Qxd6+ Qxd6 29.Nxd6 Rc6
30.Nc4 Ne8 31.Ra1 Ke7 32.Ra5 Nc7 33.Nxe5 Ra6 34.Rxa6 Nxa6 35.Nd3 Kd6 36.Kf1 Nc5
37.Nxc5 Kxc5 38.Ke2 Kd4 39.f3 Be5 40.Kd2 Bf4+ 41.Ke2 g5 42.Kf2 h5 43.g3 Bc7
44.h4 Bd8 45.hxg5 Bxg5 46.f4 Be7 47.Kf3 h4 48.gxh4 Bxh4 49.Kg4 Bd8 50.Kf5 Kc5
51.Ke6  1-0

[Event "Summer"]
[Site "Alushta UKR"]
[Date "2005.05.27"]
[Round "3"]
[White "Tukhaev,A"]
[Black "Hasangatin,R"]
[Result "1/2-1/2"]
[WhiteElo "2419"]
[BlackElo "2416"]

1.e4 d6 2.d4 Nf6 3.Nc3 e5 4.Nf3 Nbd7 5.Bc4 Be7 6.O-O O-O 7.Re1 c6 8.a4 b6
9.d5 cxd5 10.Nxd5 Bb7 11.b3 Rc8 12.Re2 Nc5 13.Nxf6+ Bxf6 14.Bd5 Qc7 15.Ba3 Rfd8
16.c4 Ne6 17.Rd2 Nd4 18.Nxd4 exd4 19.Bxb7 Qxb7 20.f3 Bg5 21.Rd3 f5 22.Kh1 fxe4
23.fxe4 Re8 24.Bxd6 Rxe4 25.Rxd4 Bf6 26.Rxe4 Qxe4 27.Qe1 Re8 28.Qxe4 Rxe4
29.Rc1 a5 30.g3 Kf7 31.c5 bxc5 32.Bxc5 h5 33.Rc4 Re1+ 34.Kg2 Re2+ 35.Kg1 Ke6
36.Bb6 Rb2 37.Bxa5 Rxb3 38.Rb4 Ra3 39.Bb6 Ra1+ 40.Kg2 Ra2+ 41.Bf2 Kd5 42.Kf3 Ra3+
43.Be3 Bc3 44.Rb5+ Ke6 45.Ke2 h4 46.gxh4  1/2-1/2

[Event "XXXV Bosnia GM"]
[Site "Sarajevo BIH"]
[Date "2005.05.27"]
[Round "8"]
[White "Timofeev,Arty"]
[Black "Eljanov,P"]
[Result "1/2-1/2"]
[WhiteElo "2622"]
[BlackElo "2641"]

1.e4 d6 2.d4 Nf6 3.Nc3 e5 4.dxe5 dxe5 5.Qxd8+ Kxd8 6.Bc4 Ke8 7.Nf3 Bd6 8.Nd2 c6
9.f3 Nbd7 10.Be2 Nb6 11.b3 Be6 12.Bb2 Nfd7 13.Nd1 f6 14.Bd3 a5 15.a4 Bb4
16.Ke2 Nc5 17.Nf2 Nxd3 18.Nxd3 Be7 19.Ba3 Bxa3 20.Rxa3 Ke7 21.Nc5 Bc8 22.Raa1 Kd6
23.Nd3 Be6 24.Nf1 Nd7 25.Ne3 Rhd8 26.g4 Nc5 27.Nf5+ Bxf5 28.gxf5 Nxd3 29.Kxd3 Kc5+
30.Kc3 Rd7 31.Rhg1 Rc8 32.h4 Rcc7 33.h5 h6 34.Rg2 b6 35.Rgg1 Rd4 36.Rad1 Rdd7
37.Ra1 Rd4 38.Rad1 Rdd7  1/2-1/2

[Event "TCh-ROM A"]
[Site "Tusnad ROM"]
[Date "2005.05.28"]
[Round "8"]
[White "Munteanu,V"]
[Black "Ciubara,V"]
[Result "1/2-1/2"]
[WhiteElo "2109"]
[BlackElo "2086"]

1.e4 d6 2.d4 Nf6 3.Nc3 e5 4.dxe5 dxe5 5.Qxd8+ Kxd8 6.Bg5 Be6 7.O-O-O+ Nd7
8.f4 exf4 9.e5 h6 10.Bxf6+ gxf6 11.exf6 h5 12.Be2 c6 13.Kb1 Kc7 14.Rf1 Bd6
15.Ne4 Bd5 16.Bf3 Bxe4 17.Bxe4 Nxf6 18.Bf3 Rae8 19.Nh3 Ng4 20.a3 f5 21.Bxg4 hxg4
22.Nxf4 Bxf4 23.Rxf4 Re2 24.g3 Rhxh2 25.Rxh2 Rxh2 26.Rxf5 Rh1+ 27.Ka2 Rg1
28.Rg5 Rxg3 29.Rg7+ Kb6 30.Rg5 Rg1 31.b3 a5 32.Kb2 Ka6 33.a4 g3 34.Rg6 Kb6
35.Rg5 Ka6 36.Rg6 Kb6 37.Rg5 g2 38.c4 Kc7 39.Rg6 Kd7 40.Ka2 Ke7 41.Kb2 Kf7
42.Rg3 Kf6 43.Rg8 Ke5 44.Rg7 Kd4 45.Rg5 b6 46.Ka2 Kc3 47.c5 bxc5 48.Rxc5+ Kd3
49.Rg5 c5 50.Rg3+ Kc2 51.Rg5 Kd2 52.Rg7 Kc2 53.Rg5 Rd1 54.Rxg2+ Rd2 55.Rg4 Kc3+
56.Ka3 Rd5 57.Rc4+ Kd3 58.Rh4 Kc3 59.Rc4+ Kd3 60.Rh4  1/2-1/2

[Event "TCh-ROM A"]
[Site "Tusnad ROM"]
[Date "2005.05.28"]
[Round "8"]
[White "Luther,T"]
[Black "Kostic,Neb"]
[Result "1-0"]
[WhiteElo "2524"]
[BlackElo "2352"]

1.e4 d6 2.d4 Nf6 3.Nc3 c6 4.h3 Nbd7 5.Nf3 e5 6.Bd3 Be7 7.O-O O-O 8.Re1 Re8
9.a4 b6 10.Ne2 Qc7 11.Ng3 Bf8 12.b3 a6 13.Bb2 Bb7 14.c4 g6 15.Qc2 Rac8 16.Rad1 Bg7
17.Qb1 exd4 18.Bxd4 Ne5 19.Be2 Nxf3+ 20.Bxf3 c5 21.Bb2 h5 22.Qa1 Re6 23.Ne2 Ne8
24.Nf4 Re7 25.Rd3 Bh6 26.Nd5 Bxd5 27.Rxd5 Bg7 28.e5 Bxe5 29.Bxe5 dxe5 30.Rdxe5 Rxe5
31.Rxe5 Nf6 32.Re3 Kg7 33.Bxh5 Rd8 34.Bf3 Rd4 35.g3 a5 36.Kg2 Qd6 37.h4 Qd7
38.Re5 Kg8 39.Qe1 Rd3 40.h5 gxh5 41.Qc1 Rd2 42.Bd5 Rxd5 43.cxd5 Ne8 44.Qg5+ Ng7
45.Qf6  1-0

[Event "TCh-ROM A"]
[Site "Tusnad ROM"]
[Date "2005.05.29"]
[Round "9"]
[White "Sofronie,I"]
[Black "Minescu,D"]
[Result "0-1"]
[WhiteElo "2449"]
[BlackElo "2166"]

1.e4 d6 2.d4 Nf6 3.Nc3 e5 4.Nf3 Nbd7 5.Bc4 h6 6.a4 Be7 7.O-O O-O 8.h3 c6
9.Ba2 Qc7 10.Be3 Re8 11.Nd2 Nf8 12.f4 exd4 13.Bxd4 Be6 14.b3 Rad8 15.Qf3 d5
16.e5 Ne4 17.Ndxe4 dxe4 18.Qf2 b6 19.Be3 f5 20.Kh1 g5 21.Qg3 Ng6 22.fxg5 hxg5
23.Bxg5 Qxe5 24.Qxe5 Nxe5 25.Be3 Bb4 26.Ne2 Bd2 27.Bg1 c5 28.b4 c4 29.b5 e3
30.Bh2 Ng6 31.Rf3 Kh7 32.Raf1 Nh4 33.Rg3 Bd5 34.Rf4 Re4 35.Rxe4 fxe4 36.Rg5 Nf3
37.Rh5+ Kg7 38.g4 Bf7 39.Be5+ Nxe5 40.Rxe5 Be1 41.Rg5+ Kh6 42.Rf5 Rd2 43.Rxf7 Rxe2
44.Bxc4 Rxc2 45.Rf6+ Kg5 46.Rf5+ Kh4 47.Bd5 Bb4  0-1

[Event "Summer"]
[Site "Alushta UKR"]
[Date "2005.05.31"]
[Round "7"]
[White "Lahiri,A"]
[Black "Hasangatin,R"]
[Result "1-0"]
[WhiteElo "2355"]
[BlackElo "2416"]

1.d4 d6 2.e4 Nf6 3.Nc3 e5 4.dxe5 dxe5 5.Qxd8+ Kxd8 6.Bc4 Ke8 7.Nf3 Bd6 8.Be3 a6
9.O-O-O Ng4 10.Ng5 Nh6 11.f4 Nd7 12.Rhf1 exf4 13.Bxf4 Bxf4+ 14.Rxf4 Ne5 15.Nd5 Nxc4
16.Nxc7+ Ke7 17.Nxa8 Bg4 18.Rd4 Rc8 19.Nxf7 Nxf7 20.Rxg4 g5 21.b3 Ne3 22.Nb6 Rxc2+
23.Kb1 Rf2 24.Nd5+ Nxd5 25.exd5 h5 26.Rg3 h4 27.d6+ Kd7 28.Rf3 Rxf3 29.gxf3 Ne5
30.f4 Nf3 31.Rd3 g4 32.f5 Ne5 33.Rd4 g3 34.Rxh4 gxh2 35.Rxh2 Kxd6 36.Kc2 Nf3
37.Rf2 Nd4+ 38.Kd3 Nc6 39.f6 Ke6 40.f7 Ne5+ 41.Kd4 Nxf7 42.Rxf7 Kxf7 43.Kc5  1-0

[Event "TCh-ARG Magistral AFA"]
[Site "Buenos Aires ARG"]
[Date "2005.05.31"]
[Round "3"]
[White "Andres,M"]
[Black "Filgueira,H"]
[Result "1-0"]
[WhiteElo "2374"]
[BlackElo "2371"]

1.e4 d6 2.d4 Nf6 3.Nc3 c6 4.f4 Qa5 5.Bd3 e5 6.Nf3 exd4 7.Nxd4 g6 8.Be3 Bg7
9.Qd2 b5 10.Ncxb5 Qxd2+ 11.Bxd2 cxb5 12.Nxb5 Kd7 13.O-O-O a6 14.Nxd6 Kxd6
15.e5+ Ke7 16.exf6+ Bxf6 17.Bb4+ Ke8 18.Rhe1+ Be6 19.g4 Nc6 20.Ba3 Kd8 21.g5 Bg7
22.Bxg6+ Kc7 23.Bd6+ Kb6 24.Be4 Nd4 25.Bxa8 Rxa8 26.Be5 Bxe5 27.Rxe5 Nf5
28.c4 Rc8 29.b3 Rh8 30.Kb2 Rg8 31.Kc3 h6 32.Rxf5 Bxf5 33.Rd6+ Kb7 34.Rxh6 Rd8
35.h4 Rd3+ 36.Kb4 Rf3 37.h5 Bb1 38.Rf6 Bxa2 39.Rxf7+ Kb6 40.Rf6+ Kb7 41.Rf7+ Kb6
42.Rf6+ Kb7 43.h6 Rxb3+ 44.Kc5  1-0

[Event "14th CRO-Cup"]
[Site "Sibenik CRO"]
[Date "2005.05.31"]
[Round "2"]
[White "Saric,Ib"]
[Black "Biti,O"]
[Result "1/2-1/2"]
[WhiteElo "2456"]
[BlackElo "2350"]

1.d4 d6 2.e4 Nf6 3.Nc3 e5 4.Nge2 c6 5.f3 h5 6.Be3 Be7 7.Qd2 Qc7 8.Ng3 g6
9.Bd3 Nbd7 10.O-O O-O 11.Bh6 Re8 12.Nf5 Bf8 13.Bxf8 Rxf8 14.Ne7+ Kg7 15.Ne2 Qd8
16.Nxc8 Rxc8 17.c3 Qe7 18.Rae1 c5 19.dxe5 dxe5 20.c4 b5 21.Nc3 bxc4 22.Bxc4 Nb6
23.b3 Rfd8 24.Nd5 Qd6 25.Qc3 Nbxd5 26.exd5 Nxd5 27.Qxe5+ Qxe5 28.Rxe5 Nb6
29.Ba6 Rc7 30.Rc1 Rd2 31.Re2  1/2-1/2

[Event "TCh-BIH Prem"]
[Site "Neum BIH"]
[Date "2005.06.08"]
[Round "5"]
[White "Stojanovic,Da"]
[Black "Bogut,Z"]
[Result "1/2-1/2"]
[WhiteElo "2452"]
[BlackElo "2407"]

1.e4 d6 2.d4 Nf6 3.Nc3 e5 4.Nf3 Nbd7 5.Bc4 Be7 6.O-O O-O 7.Re1 c6 8.a4 b6
9.h3 a6 10.b3 Bb7 11.Bb2 Qc7 12.Bd3 Rfe8 13.Ne2 d5 14.Nxe5 dxe4 15.Bc4 Nxe5
16.dxe5 Rad8 17.Qc1 Nd5 18.Nf4 e3 19.fxe3 Bb4 20.Rd1 Bc5 21.Bxd5 cxd5 22.Kh1 f6
23.e6 Bd6 24.Nxd5 Qc8 25.c4 Qxe6 26.Rd3 Bb8 27.Qd2 Bxd5 28.cxd5 Qd6 29.g4 Rc8
30.Qg2 b5 31.axb5 axb5 32.Rf1 h6 33.Rf2 b4 34.e4 Rc5 35.e5 fxe5 36.Qe4 Rec8
37.Kg2 Rc2 38.Rdd2 Rxd2 39.Rxd2 Rf8 40.Rf2 Rd8 41.Rd2 Rf8  1/2-1/2

[Event "Open"]
[Site "Mielo POL"]
[Date "2005.06.10"]
[Round "1"]
[White "Szymczak,Z"]
[Black "Sokolowski,Ry"]
[Result "1-0"]
[WhiteElo "2315"]
[BlackElo "2205"]

1.d4 d6 2.e4 Nf6 3.Nc3 e5 4.Nf3 Nbd7 5.Bc4 Be7 6.Ng5 O-O 7.Bxf7+ Rxf7 8.Ne6 Qe8
9.Nxc7 Qd8 10.Nxa8 b5 11.Nxb5 Qa5+ 12.Nc3 Bb7 13.f3 Bxa8 14.d5 Bb7 15.O-O Ba6
16.Re1 Bd8 17.Be3 Bb6 18.Qd2 Nh5 19.Rab1 Nf4 20.b4 Bxe3+ 21.Qxe3 Qd8 22.b5 Bc8
23.Ne2 Qg5 24.Nxf4 exf4 25.Qxa7 Nc5 26.Qb8 Rf8 27.Qxd6 Bh3 28.Re2 Nxe4 29.fxe4 f3
30.Qg3 fxg2 31.Qxh3  1-0

[Event "TCh-BIH Prem"]
[Site "Neum BIH"]
[Date "2005.06.10"]
[Round "7"]
[White "Lugovoi,A"]
[Black "Bogut,Z"]
[Result "1-0"]
[WhiteElo "2557"]
[BlackElo "2407"]

1.d4 d6 2.e4 Nf6 3.Nc3 e5 4.dxe5 dxe5 5.Qxd8+ Kxd8 6.Bg5 Be6 7.O-O-O+ Nd7
8.f4 exf4 9.Nf3 Kc8 10.Bxf4 Bb4 11.Nd5 Ba5 12.Ng5 Re8 13.Nxe6 fxe6 14.Nxf6 gxf6
15.Be2 c6 16.Bh5 Re7 17.Bd6 Rg7 18.h3 Bc7 19.Bg4 Bxd6 20.Rxd6 Nf8 21.Rhd1 Kc7
22.Bxe6 Rxg2 23.Bf5 Re8 24.Rxf6 Rg7 25.h4 Rge7 26.Rh6 Ng6 27.Rxh7 Ne5 28.Rxe7+ Rxe7
29.h5 Nf7 30.Bg6 Nh6 31.Rd3 Re5 32.Kd2 Rg5 33.Ke3 Rg2 34.e5 Rxc2 35.e6 Rc1
36.Kd2 Rh1 37.e7 Rh2+ 38.Kc3  1-0

[Event "6th ch-EURw"]
[Site "Chisinau MDA"]
[Date "2005.06.11"]
[Round "1"]
[White "Rudolf,An"]
[Black "Klinova,M"]
[Result "0-1"]
[WhiteElo "2210"]
[BlackElo "2391"]

1.e4 d6 2.d4 Nf6 3.Nc3 c6 4.Bg5 Nbd7 5.f4 Qa5 6.Qd2 h6 7.Bh4 e5 8.O-O-O Be7
9.Nf3 O-O 10.Kb1 Re8 11.g4 exd4 12.Nxd4 Nxe4 13.Nxe4 Qxd2 14.Rxd2 Bxh4 15.Bg2 d5
16.Nd6 Rf8 17.N4f5 Bf6 18.c4 Nb6 19.cxd5 Nxd5 20.Bxd5 cxd5 21.Rxd5 Be6 22.Rb5 b6
23.Ne4 Bd8 24.Rc1 a6 25.Rb4 b5 26.Nc5 Bc4 27.Nd7 Re8 28.Nd6 Bd3+ 29.Ka1 Re2
30.Ne5 Bc2 31.Nc6 Rxh2 32.Nxd8 Rxd8 33.Rd4 Rd7 34.Nxb5 Rxd4 35.Nxd4 Be4 36.Rg1 Rf2
37.f5 Kf8 38.a3 Bd5 39.Kb1 Rd2 40.Nc2 Be4 41.Rc1 Rg2 42.b4 Rxg4 43.Kb2 Rg2  0-1

[Event "La Palma Rapid Open"]
[Site "Brena Baja ESP"]
[Date "2005.06.12"]
[Round "4"]
[White "Kuzmin,A"]
[Black "Damljanovic,B"]
[Result "1/2-1/2"]
[WhiteElo "2539"]
[BlackElo "2588"]

1.d4 d6 2.e4 Nf6 3.Nc3 e5 4.dxe5 dxe5 5.Qxd8+ Kxd8 6.Bc4 Ke8 7.Nf3 Bd6 8.Bg5 c6
9.O-O-O Bc7 10.Nh4 Ng4 11.Rdf1 Be6 12.Bb3 Bxb3 13.axb3 h6 14.Bd2 g6 15.h3 Nf6
16.Be3 Nbd7 17.Nf3 Ke7 18.Nd2 Bb6 19.Nc4 Bxe3+ 20.Nxe3 b5 21.f3 a5 22.Rd1 Rhd8
23.Ne2 h5 24.h4 Nc5 25.Rxd8 Rxd8 26.Rd1 Rxd1+ 27.Nxd1 Nfd7 28.Nf2 Nf8 29.Kd2 Nfe6
30.Nd3 Nxd3 31.Kxd3 f6 32.g3 g5 33.Ke3 Kd6 34.Kd3 Ke7 35.Ke3 Kf7 36.Kd3 Kg7
37.Ke3 Kf7 38.Kd3 Nf8 39.Ke3 Ng6 40.g4 gxh4 41.gxh5 Nf8 42.f4 Ne6 43.fxe5 fxe5
44.Kf3 Ng5+ 45.Kg4 Kf6 46.Kxh4 Nxe4 47.Kg4 Nf2+ 48.Kf3 Nd1 49.Ke4 Nxb2 50.h6 a4
51.bxa4 bxa4 52.h7 Kg7 53.Kxe5 a3 54.Nc1 c5 55.Kd5 c4 56.Na2 Kxh7 57.Kc5 Kg6
58.Kb4 Kf5 59.Kxa3 Nd1 60.Kb4 Ne3 61.Nc3 Ke5 62.Nb5 Kd5 63.Nc3+ Kd4 64.Nb1  1/2-1/2

[Event "III Open"]
[Site "Bajada de la Virgen ESP"]
[Date "2005.06.13"]
[Round "1"]
[White "Andrades Campo,F"]
[Black "Felgaer,R"]
[Result "0-1"]
[WhiteElo "2204"]
[BlackElo "2593"]

1.e4 d6 2.d4 Nf6 3.Nc3 c6 4.f4 Qa5 5.Bd2 e5 6.fxe5 dxe5 7.dxe5 Ng4 8.Nd5 Qd8
9.Bg5 Qa5+ 10.Bd2 Qd8 11.Bg5 Bb4+ 12.Nxb4 Qxg5 13.Nf3 Qe3+ 14.Qe2 Qb6 15.Nd3 Ne3
16.b3 Nd7 17.Kd2 Ng4 18.h3 Ngxe5 19.Qe3 Qa5+ 20.c3 O-O 21.Kc2 Re8 22.Qd4 Nxd3
23.Bxd3 Nc5 24.Qb4 Qxb4 25.cxb4 Nxe4 26.Rae1 Nf6 27.Rxe8+ Nxe8 28.Rf1 Nf6
29.Re1 Kf8 30.b5 cxb5 31.Bxb5 Bf5+ 32.Kb2 Rd8 33.Rc1 a6 34.Be2 Nd5 35.g4 Be4
36.Ng5 Bg6 37.Rd1 Re8 38.Bf3 Ne3 39.Rd4 b6 40.Be4 Bxe4 41.Rxe4 Rxe4 42.Nxe4 Nd5
43.Kc2 Ke7 44.a3 h6 45.Nd2 Ke6 46.Nf3 Nf4 47.h4 Kd5 48.g5 h5 49.Kc3 Ng6 50.a4 f6
51.gxf6 gxf6 52.b4 f5 53.a5 bxa5 54.bxa5 f4 55.Kd2 Ne5 56.Ng5 Ng6 57.Nf3 Kc5
58.Kc2 Kb4 59.Kd3 Kxa5 60.Ke4 Kb4 61.Kf5 Nxh4+ 62.Nxh4 a5 63.Kxf4 a4 64.Nf3  0-1

[Event "6th ch-EURw"]
[Site "Chisinau MDA"]
[Date "2005.06.13"]
[Round "3"]
[White "Sedina,E"]
[Black "Cherednichenko,E"]
[Result "1-0"]
[WhiteElo "2422"]
[BlackElo "1969"]

1.e4 d6 2.d4 Nf6 3.Nc3 e5 4.Nf3 Nbd7 5.Bc4 Be7 6.O-O O-O 7.Re1 c6 8.a4 a5
9.h3 b6 10.Ba2 Bb7 11.Be3 Qc7 12.Nh4 Rfe8 13.Nf5 Nf8 14.Qd2 Bc8 15.Nxe7+ Rxe7
16.Bg5 N8d7 17.Rad1 Re8 18.Qd3 h6 19.Bc1 Nf8 20.dxe5 dxe5 21.Qd6 Re7 22.Bxh6 Ne8
23.Qxc7 Rxc7 24.Be3 b5 25.Rd8 Nf6 26.Bc5 Nd7 27.Bd6 Rb7 28.axb5 cxb5 29.Bd5  1-0

[Event "6th ch-EURw"]
[Site "Chisinau MDA"]
[Date "2005.06.13"]
[Round "3"]
[White "Ionescu,I"]
[Black "Moser,E"]
[Result "1-0"]
[WhiteElo "2252"]
[BlackElo "2422"]

1.e4 d6 2.d4 Nf6 3.Nc3 Nbd7 4.Nf3 e5 5.Bc4 Be7 6.O-O O-O 7.Re1 c6 8.a4 Qc7
9.h3 b6 10.Bg5 Bb7 11.Re2 a6 12.d5 c5 13.Rb1 Rfe8 14.Nd2 Nh5 15.Bxe7 Rxe7
16.b4 cxb4 17.Rxb4 b5 18.Re3 Nhf6 19.axb5 a5 20.Rb1 Nb6 21.Bf1 Qc8 22.Na2 Rc7
23.c4 Nfd7 24.Rg3 Qf8 25.Qg4 Kh8 26.h4 g6 27.Qg5 f6 28.Qe3 f5 29.Qa3 f4 30.Rh3 Nc5
31.Nc1 Bc8 32.Rh1 a4 33.Nd3 Nxd3 34.Bxd3 Bd7 35.Be2 Rc5 36.g4 fxg3 37.Qxg3 Qf6
38.Ra1 Rf8 39.Kg2 Rcc8 40.Ra3 Rf7 41.Rc1 Rc5 42.Rcc3 Qe7 43.Rf3 Rxf3 44.Rxf3 Rc8
45.Rc3 Rf8 46.Qg5 Qxg5+ 47.hxg5 Rc8 48.Nb1 Kg7 49.Kg3 h6 50.gxh6+ Kxh6 51.f4 exf4+
52.Kxf4 g5+ 53.Ke3 g4 54.Kf4 Rf8+ 55.Kg3 Re8 56.Nd2 Ra8 57.Ra3 Kg5 58.e5 dxe5
59.Ne4+ Kg6 60.d6 Rh8 61.Bxg4 Nxc4 62.Rxa4 Bxb5 63.Rb4 Ba6 64.d7 Kf7 65.Nc5 Rg8
66.Nxa6 Ne3 67.Re4 Nxg4 68.Rxg4 Rd8 69.Nc5 Ke7 70.Rg7+ Kf6 71.Rh7 Kg6 72.Re7  1-0

[Event "III Open"]
[Site "Bajada de la Virgen ESP"]
[Date "2005.06.14"]
[Round "2"]
[White "Felgaer,R"]
[Black "Strikovic,A"]
[Result "0-1"]
[WhiteElo "2593"]
[BlackElo "2465"]

1.e4 d6 2.d4 Nf6 3.Nc3 e5 4.Nf3 Nbd7 5.Bc4 Be7 6.O-O O-O 7.Re1 c6 8.a4 a5
9.b3 exd4 10.Nxd4 Nb6 11.Bd3 d5 12.e5 Ne8 13.Qh5 g6 14.Qh6 Ng7 15.Nce2 Re8
16.Ng3 Bf8 17.Bg5 Qc7 18.Qh4 Rxe5 19.Bd8 Rxe1+ 20.Rxe1 Qd6 21.Bxb6 Qb4 22.Nf3 Qxb6
23.Ng5 h5 24.Qf4 f5 25.Ne2 Qb4 26.c3 Qd6 27.c4 Ne6 28.Nxe6 Bxe6 29.Qg5 Bf7
30.cxd5 Re8 31.Rf1 cxd5 32.Nf4 Be7 33.Qg3 h4 34.Qf3 Bg5 35.Ne2 Qb4 36.Bb5 Rc8
37.Rd1 Qe4 38.Qd3 Rc2 39.Nd4 Qxd3 40.Bxd3 Rc3 41.Bb5 Bf6 42.Kf1 h3 43.gxh3  0-1

[Event "6th ch-EURw"]
[Site "Chisinau MDA"]
[Date "2005.06.14"]
[Round "4"]
[White "Kucherenko,O"]
[Black "Ivanova Skripova,T"]
[Result "0-1"]
[WhiteElo "2079"]
[BlackElo "2205"]

1.e4 d6 2.d4 Nf6 3.Nc3 c6 4.g3 Nbd7 5.Bg2 e5 6.Nge2 Be7 7.O-O O-O 8.a4 b6
9.h3 Bb7 10.f4 a6 11.Be3 b5 12.Qd2 b4 13.Nd1 exd4 14.Bxd4 c5 15.Bxf6 Nxf6
16.Nf2 Qb6 17.c4 Rfe8 18.g4 Bf8 19.Ng3 Qd8 20.Qc2 g6 21.Rad1 Nd7 22.Rd2 Qh4
23.Ne2 Rad8 24.Rfd1 Nb8 25.g5 h5 26.e5 Bxg2 27.Kxg2 Nc6 28.Qe4 dxe5 29.Qxc6 exf4
30.Kf1 Rc8 31.Qg2 Re3 32.Ng1 f3 33.Nxf3 Qxc4+ 34.Kg1 Qf4 35.Rd3 Rce8 36.Kh1 c4
37.Rxe3 Rxe3 38.Ng1 Rg3 39.Qh2 h4 40.Re1 Bc5 41.Ne4 Bxg1 42.Nf6+ Kg7 43.Ne8+ Kf8  0-1

[Event "6th ch-EURw"]
[Site "Chisinau MDA"]
[Date "2005.06.14"]
[Round "4"]
[White "Seps,M"]
[Black "Cherednichenko,S"]
[Result "0-1"]
[WhiteElo "2116"]
[BlackElo "2230"]

1.e4 d6 2.d4 Nf6 3.Nc3 e5 4.Nge2 Nbd7 5.f3 Be7 6.Be3 c6 7.Qd2 Qc7 8.g4 b5
9.Ng3 Nb6 10.g5 Nfd7 11.f4 Bb7 12.O-O-O b4 13.Nb1 c5 14.fxe5 cxd4 15.exd6 dxe3
16.Qd4 Bxd6 17.Qxd6 Rc8 18.c3 Qxd6 19.Rxd6 O-O 20.Bh3 Rc7 21.Bxd7 Nxd7 22.Rd3 f5
23.gxf6 Nxf6 24.Rxe3 Ng4 25.Re2 Ba6 26.Rd2 Nf2 27.Rg1 Nd3+ 28.Kc2 Ne5 29.Rgd1 Nc4
30.Rd7 Rf2+ 31.Kc1 Rxd7 32.Rxd7 Nxb2 33.Rxa7 Bd3 34.Ra8+ Kf7 35.Nd2 bxc3
36.Ra7+ Kg6 37.Nb3 Rc2+ 38.Kb1 Rg2+  0-1

[Event "6th ch-EURw"]
[Site "Chisinau MDA"]
[Date "2005.06.15"]
[Round "5"]
[White "Baciu,D"]
[Black "Andronic,I"]
[Result "0-1"]
[WhiteElo "1870"]
[BlackElo "2085"]

1.e4 d6 2.d4 Nf6 3.Nc3 c6 4.g3 e5 5.dxe5 dxe5 6.Qxd8+ Kxd8 7.Bg5 Bd6 8.O-O-O Ke7
9.Bc4 Be6 10.Bxe6 fxe6 11.h3 h6 12.Be3 Nbd7 13.Nf3 g5 14.a3 a5 15.Nd2 b5
16.Nb3 b4 17.axb4 axb4 18.Nb1 Nxe4 19.Rd3 c5 20.N3d2 Nxd2 21.Rxd2 Nb6 22.Rhd1 Nd5
23.Re2 c4 24.Bd2 Ra1 25.Be1 c3 26.Rd3 Rha8 27.bxc3 bxc3 28.Bxc3 Nxc3 29.Rxc3 Rb8
30.Rb3 Ba3+ 31.Kd2 Rxb3 32.cxb3 Rxb1 33.Rxe5 Rxb3 34.h4 Bd6 35.Re4 Rb4 36.Re1 gxh4
37.Rh1 hxg3 38.fxg3 Bxg3  0-1